Participation by banks in other branches of the economy (Record no. 498072)

000 -LEADER
fixed length control field 00358cam a22001097a 4500
008 - FIXED-LENGTH DATA ELEMENTS--GENERAL INFORMATION
fixed length control field 180718b1975 xxu||||| |||| 00| 0 eng d
082 ## - DEWEY DECIMAL CLASSIFICATION NUMBER
Classification number T42 C737
100 ## - MAIN ENTRY--PERSONAL NAME
Personal name Commission of the European Communities
245 ## - TITLE STATEMENT
Title Participation by banks in other branches of the economy
Statement of responsibility, etc. by Commission of the European Communities
260 ## - PUBLICATION, DISTRIBUTION, ETC.
Place of publication, distribution, etc. Brussels
Name of publisher, distributor, etc.
Date of publication, distribution, etc. 1975
300 ## - PHYSICAL DESCRIPTION
Extent 190p
Holdings
Withdrawn status Lost status Damaged status Not for loan Permanent Location Current Location Date acquired Full call number Barcode Date last seen Price effective from Koha item type
        Indian Institute of Public Administration Indian Institute of Public Administration 2018-08-04 T42 C737 G14132 2018-08-04 2018-08-04 G

Powered by Koha